000 00287nam a2200133Ia 4500
100 _aMillman/J & Grabel/ A
942 _cBK
654 _amicroelectronics
245 _aMicroelectronics
260 _bMcGraw-Hill
_aSingapore
_c1987
300 _a1001
546 _aENGLISH
999 _c28071
_d28071